|
|
|
|
| LEADER |
00663nab a2200193 i 4500 |
| 001 |
acta19130 |
| 005 |
20251105135126.0 |
| 008 |
161015s1942 hu o 000 hun d |
| 040 |
|
|
|a SZTE Egyetemi Kiadványok Repozitórium
|b hun
|
| 041 |
|
|
|a hun
|
| 100 |
1 |
|
|a Bornemissza Félix
|
| 245 |
1 |
0 |
|a Délvidék kikötője
|h [elektronikus dokumentum] /
|c Bornemissza Félix
|
| 260 |
|
|
|c 1942
|
| 300 |
|
|
|a 271-274
|
| 490 |
0 |
|
|a Délvidéki szemle
|v 1
|
| 650 |
|
4 |
|a Bölcsészettudományok
|
| 650 |
|
4 |
|a Történettudomány és régészet
|
| 695 |
|
|
|a Földrajz, Gazdaságtörténet
|
| 856 |
4 |
0 |
|u http://acta.bibl.u-szeged.hu/19130/1/delvideki_szemle_001_271-274.pdf
|z Dokumentum-elérés
|